[Event "Hastings Masters op 95th"]
[Site "Hastings"]
[Date "2020.01.04"]
[Round "8"]
[White "Pekin, Tolgay"]
[Black "Ratnesan, Ranesh"]
[Result "0-1"]
[WhiteElo "2080"]
[BlackElo "2213"]
[PlyCount "132"]
[EventDate "2019.12.28"]
[EventType "swiss"]
[EventRounds "9"]
[EventCountry "ENG"]
[SourceTitle "CBM 194 Extra"]
[Source "ChessBase"]
[SourceDate "2020.03.31"]
[SourceVersion "1"]
[SourceVersionDate "2020.03.31"]
[SourceQuality "1"]

1. e4 c5 2. Nf3 d6 3. Bb5+ Bd7 4. Bxd7+ Nxd7 5. 0-0 Ngf6 6. Qe2 Rc8 7. c3 e6 8. d4 cxd4 9. cxd4 d5 10. e5 Ne4 11. Be3 Be7 12. Ne1 f5 13. f3 Ng5 14. Nc3 0-0 15. Nd3 Nb6 16. Rac1 Nc4 17. Bf2 b6 18. Nf4 Qd7 19. Rc2 Rc6 20. Rfc1 Rfc8 21. Qd3 Nf7 22. Ncxd5 exd5 23. e6 Rxe6 24. Nxe6 Qxe6 25. b3 Ncd6 26. Rxc8+ Nxc8 27. Qb5 Nfd6 28. Qc6 f4 29. Re1 Qf7 30. Re5 Bf8 31. Bh4 Nf5 32. Bd8 Ncd6 33. Qxd5 Qxd5 34. Rxd5 h6 35. Bc7 Kf7 36. Bxd6 Nxd6 37. Re5 Kf6 38. Kf1 Nf5 39. Re8 Bd6 40. Ra8 a5 41. Rd8 Ke7 42. Rg8 Kf7 43. Rd8 Ke6 44. Ke2 Nxd4+ 45. Kd3 Nc6 46. Re8+ Kd5 47. a4 Nd4 48. Kc3 Nf5 49. Kd3 Nd4 50. Kc3 Ne6 51. Kd3 Be5 52. Rc8 g5 53. Rg8 h5 54. Rc8 g4 55. Rg8 g3 56. h3 Nc5+ 57. Kc2 Kd4 58. Re8 h4 59. Kd1 Nxb3 60. Re6 Nc5 61. Rxb6 Nxa4 62. Rh6 Nc3+ 63. Kc2 Nd5 64. Rxh4 Ne3+ 65. Kb3 Nxg2 66. Rg4 Ke3 0-1

[Event "Hastings Masters op 95th"]
[Site "Hastings"]
[Date "2020.01.02"]
[Round "6"]
[White "Pekin, Tolgay"]
[Black "Wall, Tim"]
[Result "1-0"]
[WhiteElo "2080"]
[BlackElo "2218"]
[PlyCount "31"]
[EventDate "2019.12.28"]
[EventType "swiss"]
[EventRounds "9"]
[EventCountry "ENG"]
[SourceTitle "CBM 194 Extra"]
[Source "ChessBase"]
[SourceDate "2020.03.31"]
[SourceVersion "1"]
[SourceVersionDate "2020.03.31"]
[SourceQuality "1"]

1. e4 Nf6 2. e5 Nd5 3. d4 d6 4. Nf3 dxe5 5. Nxe5 c6 6. h3 g6 7. Bc4 Bg7 8. 0-0 0-0 9. Re1 Be6 10. Bb3 a5 11. c4 Nb6 12. c5 Nd5 13. Nc3 Nd7 14. Bxd5 Bxd5 15. Nxd5 Nxe5 16. Nb6 1-0

[Event "Hoogeveen op 23rd"]
[Site "Hoogeveen"]
[Date "2019.10.25"]
[Round "8"]
[White "Wiersma, Eelke"]
[Black "Pekin, Tolgay"]
[Result "1-0"]
[WhiteElo "2321"]
[BlackElo "2083"]
[PlyCount "73"]
[EventDate "2019.10.19"]
[EventType "swiss"]
[EventRounds "9"]
[EventCountry "NED"]
[SourceTitle "CBM 192 Extra"]
[Source "Chessbase"]
[SourceDate "2019.11.06"]
[SourceVersion "1"]
[SourceVersionDate "2019.11.06"]
[SourceQuality "1"]

1. e4 c5 2. Nf3 Nc6 3. Bb5 d6 4. 0-0 Bd7 5. Re1 Nf6 6. c3 a6 7. Bf1 Bg4 8. d4 cxd4 9. cxd4 e5 10. Be3 exd4 11. Bxd4 Be7 12. Nc3 0-0 13. Be3 Re8 14. h3 Bh5 15. g4 Bg6 16. Nh4 Bf8 17. Nxg6 hxg6 18. Bg2 Qa5 19. g5 Nd7 20. Nd5 Rac8 21. h4 Ne7 22. b4 Qd8 23. Nxe7+ Bxe7 24. Qd5 b5 25. Qb7 Nb8 26. a4 Qc7 27. Qxc7 Rxc7 28. axb5 axb5 29. Ra5 Nd7 30. Rxb5 Ne5 31. Rc1 Rxc1+ 32. Bxc1 Rc8 33. Be3 f5 34. exf5 gxf5 35. Bd5+ Kh8 36. Rb7 Bd8 37. b5 1-0

[Event "Hoogeveen op 23rd"]
[Site "Hoogeveen"]
[Date "2019.10.24"]
[Round "7"]
[White "Pekin, Tolgay"]
[Black "Achuthan, Dylan"]
[Result "1-0"]
[WhiteElo "2083"]
[BlackElo "1865"]
[PlyCount "111"]
[EventDate "2019.10.19"]
[EventType "swiss"]
[EventRounds "9"]
[EventCountry "NED"]
[SourceTitle "CBM 192 Extra"]
[Source "Chessbase"]
[SourceDate "2019.11.06"]
[SourceVersion "1"]
[SourceVersionDate "2019.11.06"]
[SourceQuality "1"]

1. e4 c5 2. Nf3 Nc6 3. Bb5 e6 4. 0-0 Nge7 5. d4 cxd4 6. Nxd4 a6 7. Be2 Nxd4 8. Qxd4 Nc6 9. Qc3 d6 10. Rd1 e5 11. Be3 Be6 12. a4 Rc8 13. Qd2 Be7 14. Nc3 0-0 15. Rac1 Nb4 16. Nd5 Nxd5 17. exd5 Bf5 18. c4 Qd7 19. a5 Bg6 20. b4 f5 21. c5 dxc5 22. bxc5 f4 23. c6 bxc6 24. dxc6 Qxd2 25. Bxd2 Rf6 26. Bxa6 Rcxc6 27. Bb7 Rxc1 28. Rxc1 Bd3 29. Rc7 Bd6 30. Rc8+ Rf8 31. Rxf8+ Kxf8 32. a6 Bb8 33. Bb4+ Ke8 34. Bc5 Bxa6 35. Bxa6 Kf7 36. Bd3 g6 37. Kf1 Kf6 38. Ke2 Bc7 39. Kf3 Bb8 40. Ke4 Bc7 41. Kd5 Ba5 42. Bd6 Bc3 43. Ba6 Bd4 44. f3 Bc3 45. Bc8 Bd4 46. Bc7 Bc3 47. Bd8+ Kf7 48. Be6+ Kg7 49. Kc6 Bd4 50. Kd7 Bc5 51. Bc4 h6 52. Ke6 Bd4 53. Bf6+ Kh7 54. Bxe5 Be3 55. Kf7 h5 56. Bg7 1-0

[Event "Hoogeveen op 23rd"]
[Site "Hoogeveen"]
[Date "2019.10.22"]
[Round "5"]
[White "Pekin, Tolgay"]
[Black "Albers, Sasa"]
[Result "1-0"]
[WhiteElo "2083"]
[BlackElo "1975"]
[PlyCount "69"]
[EventDate "2019.10.19"]
[EventType "swiss"]
[EventRounds "9"]
[EventCountry "NED"]
[SourceTitle "CBM 192 Extra"]
[Source "Chessbase"]
[SourceDate "2019.11.06"]
[SourceVersion "1"]
[SourceVersionDate "2019.11.06"]
[SourceQuality "1"]

1. e4 c6 2. d4 d5 3. e5 c5 4. dxc5 e6 5. a3 Bxc5 6. Nf3 Nd7 7. b4 Be7 8. Bb2 Nh6 9. Bd3 a5 10. b5 0-0 11. 0-0 Qc7 12. Qe2 Nc5 13. Nbd2 Nxd3 14. cxd3 Nf5 15. Rfc1 Qb6 16. a4 Bd7 17. g4 Nh6 18. Bd4 Qd8 19. h3 f5 20. exf6 Bxf6 21. Ne5 Nf7 22. Ndf3 Nxe5 23. Bxe5 Rc8 24. Qe3 Qe7 25. Kg2 Qf7 26. Rxc8 Bxc8 27. Rc1 Bxe5 28. Nxe5 Qe7 29. b6 Qf6 30. Rc7 h6 31. f3 Kh8 32. d4 Kg8 33. Qc1 Qd8 34. Ng6 Re8 35. Rxc8 1-0

[Event "Helsingor Xtracon op"]
[Site "Helsingor"]
[Date "2019.07.25"]
[Round "7"]
[White "Pekin, Tolgay"]
[Black "Ben Porat, Zeev"]
[Result "1-0"]
[WhiteElo "2070"]
[BlackElo "1888"]
[PlyCount "55"]
[EventDate "2019.07.20"]
[EventType "swiss"]
[EventRounds "10"]
[EventCountry "DEN"]
[SourceTitle "CBM 191 Extra"]
[Source "ChessBase"]
[SourceDate "2019.09.30"]
[SourceVersion "1"]
[SourceVersionDate "2019.09.30"]
[SourceQuality "1"]

1. e4 e6 2. d4 d5 3. Nd2 c5 4. exd5 Qxd5 5. Ngf3 cxd4 6. Bc4 Qd7 7. 0-0 Nf6 8. Nb3 Nc6 9. Nfxd4 Nxd4 10. Nxd4 a6 11. c3 Be7 12. Qe2 0-0 13. a4 Re8 14. Bg5 Nd5 15. Bxe7 Nxe7 16. Rfd1 Qc7 17. Bb3 Bd7 18. Qh5 g6 19. Qg5 Kg7 20. Rd3 e5 21. Rf3 f5 22. Rh3 exd4 23. Qh6+ Kf6 24. Qh4+ g5 25. Qxh7 Ng8 26. Qf7+ Ke5 27. Re1+ Kf4 28. Rf3+ 1-0

[Event "Helsingor Xtracon op"]
[Site "Helsingor"]
[Date "2019.07.24"]
[Round "6"]
[White "Fjallheim, Leif Reinert"]
[Black "Pekin, Tolgay"]
[Result "1/2-1/2"]
[WhiteElo "1883"]
[BlackElo "2070"]
[PlyCount "94"]
[EventDate "2019.07.20"]
[EventType "swiss"]
[EventRounds "10"]
[EventCountry "DEN"]
[SourceTitle "CBM 191 Extra"]
[Source "ChessBase"]
[SourceDate "2019.09.30"]
[SourceVersion "1"]
[SourceVersionDate "2019.09.30"]
[SourceQuality "1"]

1. d4 d5 2. Bf4 Nf6 3. e3 c5 4. c3 Nc6 5. Nd2 e6 6. Ngf3 cxd4 7. exd4 Nh5 8. Bg3 Be7 9. Bd3 Nxg3 10. hxg3 h6 11. Qe2 Bd7 12. Ne5 Nxe5 13. Qxe5 Bf6 14. Qe2 Rb8 15. Nb3 Qc7 16. Nc5 Kf8 17. f4 Bc8 18. Qf2 b6 19. Nb3 b5 20. a3 g6 21. g4 Kg7 22. Nd2 a5 23. g3 b4 24. cxb4 axb4 25. a4 b3 26. 0-0 Rb4 27. Nf3 Qa7 28. Bb5 Bxd4 29. Nxd4 Qxd4 30. Rfd1 Qxf2+ 31. Kxf2 h5 32. gxh5 Rxh5 33. Rh1 Rxh1 34. Rxh1 d4 35. Rc1 Bb7 36. Rc4 Rxc4 37. Bxc4 Kf6 38. Bxb3 Ke7 39. Bc4 Kd6 40. b4 f6 41. Bd3 g5 42. fxg5 fxg5 43. Ke2 e5 44. Kd2 e4 45. Bc4 Bd5 46. Bxd5 Kxd5 47. a5 Kc6 1/2-1/2

[Event "Helsingor Xtracon op"]
[Site "Helsingor"]
[Date "2019.07.21"]
[Round "3"]
[White "Pekin, Tolgay"]
[Black "Nasshan, Dennis"]
[Result "0-1"]
[WhiteElo "2070"]
[BlackElo "2314"]
[PlyCount "84"]
[EventDate "2019.07.20"]
[EventType "swiss"]
[EventRounds "10"]
[EventCountry "DEN"]
[SourceTitle "CBM 191 Extra"]
[Source "ChessBase"]
[SourceDate "2019.09.30"]
[SourceVersion "1"]
[SourceVersionDate "2019.09.30"]
[SourceQuality "1"]

1. e4 c6 2. d4 d5 3. e5 Bf5 4. Nf3 e6 5. Be2 Ne7 6. 0-0 c5 7. c4 Nbc6 8. Nc3 dxc4 9. Bxc4 Nxd4 10. Nxd4 cxd4 11. Bg5 Qb6 12. Bxe7 Bxe7 13. Qa4+ Kf8 14. Nb5 a6 15. Rfd1 Rd8 16. Nd6 Bxd6 17. exd6 Qxd6 18. Bd3 Bxd3 19. Rxd3 g6 20. Rad1 e5 21. f4 f6 22. fxe5 fxe5 23. Re1 Kg7 24. Qa5 Rhe8 25. Re4 Qd5 26. Qe1 Re6 27. h4 Rde8 28. h5 gxh5 29. Kh1 Rg6 30. Qe2 Ree6 31. Rh3 Rg5 32. Rd3 Rg4 33. Rdxd4 Qxd4 34. Rxd4 Rxd4 35. Kg1 e4 36. Qxh5 e3 37. Qg5+ Kf7 38. Qf5+ Ke7 39. Qc5+ Rdd6 40. Qc7+ Rd7 41. Qc5+ Kd8 42. Qg5+ Ree7 0-1